00466nam a2200181Ia 4500003000400000005001700004008004100021020001800062040000700080041000800087082002500095100003600120245006000156250000600216260003800222300001600260365000800276OSt20230511162915.0210423s2002 xx 000 0 und d a9780716743828 cAL aeng a574.87322 223bGRIA aGRIFFITHS (Anthony J F);others. aModern genetic analysis: integrating genes and genomes. a2 aNew YorkbW H Freeman & Co.c2002 axix,736bHB cINR